00870nam a22002537a 45000010005000000030006000050050017000110080041000280200018000690400029000870500013001160820010001291000020001392450078001592600041002373000049002784900019003275050008003465200120003545210029004745210020005036500045005236500048005685559FISKH20241217155051.0241217b cb ||||| |||| 00| 0 eng d a9780531166758 aFISKHbengcFISKHdFISKH aQH541.F7 a577.6 aToupin, Laurie  aFreshwater habitats :b life in freshwater Ecosystems /cby Laurie Toupin aNew York : bFranklin Watts ;c2004. a63 pages : bcolor illustrations ;c24 cm .  a Watts library aS  aA look at the plants, animals, locations, and various habitats that make up the freshwater ecosystems of the world.8 a790 bLexile estimate 8 aS bRaz-Plus  aFreshwater ecologyvJuvenile literature  aFreshwater organisms vJuvenile literature